Detalles MARC
| 000 -CABECERA |
| campo de control de longitud fija |
01475nam a22003137a 4500 |
| 003 - IDENTIFICADOR DEL NÚMERO DE CONTROL |
| campo de control |
DO-SdBNP |
| 005 - FECHA Y HORA DE LA ÚLTIMA TRANSACCIÓN |
| campo de control |
20210928141401.0 |
| 007 - CAMPO FIJO DE DESCRIPCIÓN FÍSICA--INFORMACIÓN GENERAL |
| campo de control de longitud fija |
ta |
| 008 - DATOS DE LONGITUD FIJA--INFORMACIÓN GENERAL |
| campo de control de longitud fija |
210412e2016 dr aob|fr ||| 001 edspa d |
| 040 ## - FUENTE DE LA CATALOGACIÓN |
| Centro catalogador/agencia de origen |
DO-SdBNP |
| Lengua de catalogación |
spa |
| Centro/agencia transcriptor |
BNPHU |
| 041 ## - CÓDIGO DE LENGUA |
| Código de lengua original |
spa |
| 082 #4 - NÚMERO DE LA CLASIFICACIÓN DECIMAL DEWEY |
| Número de documento/Ítem |
H694g |
| Número de edición |
22 |
| 100 1# - ENTRADA PRINCIPAL--NOMBRE DE PERSONA |
| Nombre de persona |
Hoepelman, Virgilio A. |
| 9 (RLIN) |
78361 |
| 245 13 - MENCIÓN DE TÍTULO |
| Título |
Guía de arquitectura San Pedro de Macorís : |
| Resto del título |
serie 023 / |
| Mención de responsabilidad, etc. |
Melisa Vargas, ed.; Yin Lai Trinidad, fotogr. |
| 260 ## - PUBLICACIÓN, DISTRIBUCIÓN, ETC. |
| Lugar de publicación, distribución, etc. |
[Santo Domingo] : |
| Nombre del editor, distribuidor, etc. |
Cooperación Española , |
| Fecha de publicación, distribución, etc. |
2018 |
| 300 ## - DESCRIPCIÓN FÍSICA |
| Extensión |
83 p. : |
| Otras características físicas |
il., fotogr., retr., mapas , |
| Dimensiones |
25 cm. |
| 500 ## - NOTA GENERAL |
| Nota general |
Incluye datos biográficos de los autores. |
| 504 ## - NOTA DE BIBLIOGRAFÍA, ETC. |
| Nota de bibliografía, etc. |
Incluye bibliografía: p. 82. |
| 505 00 - NOTA DE CONTENIDO CON FORMATO |
| Nota de contenido con formato |
Apuntes sobre esta edición.-- Ciudad con el mar por dentro. |
| 505 00 - NOTA DE CONTENIDO CON FORMATO |
| Nota de contenido con formato |
Presencia de los estilos en San Pedro de Macorís.-- |
| Título |
Edificios de uso comercial.-- |
| -- |
Edificios de uso mixto.-- |
| -- |
Edificios de uso residencial.-- |
| -- |
Edificios de uso institucional.-- |
| 505 00 - NOTA DE CONTENIDO CON FORMATO |
| Nota de contenido con formato |
Arquitectura industrial : |
| Título |
Infraestructura.-- |
| -- |
Expansión urbana y tipológicas arquitectónicas. |
| -- |
Villa Velásquez.-- |
| -- |
Mira Mar y Parra Alba.-- |
| -- |
La Aurora.-- |
| 505 00 - NOTA DE CONTENIDO CON FORMATO |
| Nota de contenido con formato |
Constructores de San Pedro de Macorís.-- |
| 505 00 - NOTA DE CONTENIDO CON FORMATO |
| Nota de contenido con formato |
Bibliografía.-- <br/>Fuentes de las fotografías.-- |
| 590 ## - NOTA LOCAL (RLIN) |
| Nota local |
Inventariado 2021 / MF |
| 700 12 - PUNTO DE ACCESO ADICIONAL--NOMBRE DE PERSONA |
| Nombre de persona |
Vargas, Melisa, |
| Término indicativo de función/relación |
ed. |
| 9 (RLIN) |
78362 |
| 700 12 - PUNTO DE ACCESO ADICIONAL--NOMBRE DE PERSONA |
| Nombre de persona |
Trinidad, Yin Lai, |
| Término indicativo de función/relación |
fot. |
| 9 (RLIN) |
80062 |
| 710 ## - PUNTO DE ACCESO ADICIONAL--NOMBRE DE ENTIDAD CORPORATIVA |
| Nombre de entidad corporativa o nombre de jurisdicción como elemento de entrada |
Agencia de Cooperacion Intenacional para el Desarrollo (AECID) |
| 9 (RLIN) |
78363 |
| 942 ## - ELEMENTOS DE PUNTO DE ACCESO ADICIONAL (KOHA) |
| Fuente del sistema de clasificación o colocación |
Dewey Decimal Classification |
| Tipo de ítem Koha |
Libro |